Fundamentals of Database Systems (Record no. 12476)

MARC details
000 -LEADER
fixed length control field 00399nam a22001697a 4500
003 - CONTROL NUMBER IDENTIFIER
control field OSt
008 - FIXED-LENGTH DATA ELEMENTS--GENERAL INFORMATION
fixed length control field 240413b |||||||| |||| 00| 0 eng d
020 ## - INTERNATIONAL STANDARD BOOK NUMBER
International Standard Book Number 9789332582705
082 ## - DEWEY DECIMAL CLASSIFICATION NUMBER
Classification number 005.74 ELF
100 ## - MAIN ENTRY--PERSONAL NAME
Personal name ELMASRI,Ramez
245 ## - TITLE STATEMENT
Title Fundamentals of Database Systems
250 ## - EDITION STATEMENT
Edition statement 7th Ed
260 ## - PUBLICATION, DISTRIBUTION, ETC. (IMPRINT)
Place of publication, distribution, etc UP
Name of publisher, distributor, etc Pearson
Date of publication, distribution, etc 2023
300 ## - PHYSICAL DESCRIPTION
Extent 1242
700 ## - ADDED ENTRY--PERSONAL NAME
Personal name NAVATHE,Shamkant B
942 ## - ADDED ENTRY ELEMENTS (KOHA)
Source of classification or shelving scheme Dewey Decimal Classification
Koha item type Reference Books
Holdings
Withdrawn status Lost status Source of classification or shelving scheme Damaged status Not for loan Collection code Home library Current library Date acquired Source of acquisition Currency Cost, normal purchase price Bill Number Total Checkouts Full call number Acc. no. / Barcode Date last seen Actual Cost, discounted price Bill Date Koha item type
    Dewey Decimal Classification     Computer Science and Engineering in AI & Machine Learning PIET C-LIBRARY PIET C-LIBRARY 23/03/2024 Zafaa Books and Distributors In rupees 1055.00 ZBD0412   005.74 ELF 35703 13/04/2024 717.40 08/03/2024 Reference Books

Design & Developed by: PIET Central Library
R70 Miles Stone Pattikalyana Samalkha Panipat 132102
mail ID :- [email protected], Phone No:- 0180-2569700 Ex.216